Taylor Swift - 50 Most Played Songs Live - Statistics

General Stats
  • This quiz has been taken 71 times
  • The average score is 39 of 50
Answer Stats
Hint Song % Correct
341 Shake it off
98%
642 Love Story
96%
236 Bad blood
93%
315 Blank space
93%
208 Look what you made me do
91%
243 Style
91%
149 Cruel Summer
89%
269 Enchanted
89%
416 Fearless
89%
162 Lover
89%
226 Wildest dreams
89%
248 22
87%
250 All too well
87%
150 Cardigan
87%
350 I knew you were trouble
87%
210 ...Ready for it?
87%
533 You Belong with me
87%
150 Anti-hero
85%
150 August
85%
202 Don't blame me
85%
369 We are never ever getting back together
85%
149 willow
85%
209 Delicate
80%
310 Teardrops on my guitar
80%
314 Tim McGraw
80%
149 Karma
78%
308 Picture to burn
78%
149 Bejeweled
76%
139 Mine
76%
432 Our Song
76%
125 Speak now
76%
196 Mean
74%
151 The man
74%
162 You need to calm down
74%
149 Lavender haze
72%
164 Long live
70%
302 Should've said no
70%
149 Mastermind
67%
149 Midnight rain
67%
151 betty
65%
149 Champagne problems
65%
266 Fifteen
63%
150 Illicit affairs
63%
149 Vigilante shit
63%
139 White horse
63%
149 Miss Americana & the Heartbreak prince
61%
150 My tears ricochet
61%
149 marjorie
59%
216 Sparks fly
59%
136 Forever & Always
43%
No matching quizzes found
Score Distribution
Percent of People with Each Score
Percentile by Number Answered
Your Score History
You have not taken this quiz